| 000 | 00983nam a22003137a 4500 | ||
|---|---|---|---|
| 001 | BR0204546 | ||
| 003 | BR-BrBNA | ||
| 005 | 20230928101147.0 | ||
| 007 | ta | ||
| 008 | 230509b bl.||||| |||| 00| 0 por d | ||
| 040 |
_aBR-BrBNA _bpor _cBiblioteca Nacional de Agricultura |
||
| 041 | _a(Por) | ||
| 072 | _aF61; F30 | ||
| 090 | _ F61 BR0204546 | ||
| 110 | 1 | _aUniversidade Federal de Viçosa, MG (Brasil) | |
| 111 | 1 |
_a3. Congresso Brasileiro de Fisiologia VegetalSimpósio de Biotecnologia de Plantas _cViçosa, MG (Brazil) _d1991 |
|
| 245 | 1 | _aResumos do 3. Congresso Brasileiro de Fisiologia Vegetal; Simpósio de Biotecnologia de Plantas | |
| 260 | 3 |
_aViçosa, MG (Brasil): _c1991. |
|
| 300 | _a108 p. | ||
| 500 | _aSummary only | ||
| 650 | _aFISIOLOGIA VEGETAL | ||
| 650 | _aFOTOSSÍNTESE | ||
| 650 | _aMETABOLISMO | ||
| 650 | _aNUTRIÇÃO VEGETAL | ||
| 650 | _aCRESCIMENTO | ||
| 650 | _aBIOTECNOLOGIA | ||
| 909 |
_a202309 _bLucia _c55 _dLucia Elande |
||
| 942 | _cBK | ||
| 999 |
_c64521 _d64521 |
||